000 01041nam0a22002771 4500
001 v19\rc\2050606
005 20250620022137.0
035 _a(NLR Aleph) 005129234
090 _a7651596
_c7651596
100 _a20081111d1907 |||y0rusy50 ca
101 0 _arus
_amol
102 _aRU
105 _ay z |||||
200 1 _aПоучение в 5-ю неделю великого поста
_e(Поучение свящ. С. Боярковского)
210 _a[Кишинев]
_dценз. 1907
215 _a8 с.
225 1 _a[Издание Православного Кишиневского Христо-рождественского братства]
_v№ 178
300 _aПарал. текст на рус. и молд. яз.
309 _aБез тит. л. и обл.
532 1 1 _aПоучение в пятую неделю великого поста
700 1 _aБоярковский
_bС.
801 0 _aRU
_bNLR
_gpsbo
801 1 _aRU
_bProSoft-M
_2rusmarc
852 _aNLR
_j20.109.9.24
942 _cBOOK
980 _aNB